000 nam a22 7a 4500
999 _c8351
_d8351
008 180111b ||||| |||| 00| 0 eng d
100 _94766
_aSHARMA.J.P
245 _aLAB MANUAL IN BIOLOGY-XI
260 _aNEW DELHI
_bLAXMI
_c2012